Guyana Trivia Quiz - Statistieken

Algemene statistieken
  • Deze quiz is 254 keer genomen
  • De gemiddelde score is 11 van 18
Antwoordstatistieken
Hint Antwoord % Correct
Aangrenzende landen Suriname
98%
Aangrenzende landen Brazilië
97%
Aangrenzende landen Venezuela
96%
Officiële taal Engels
94%
Eerste land dat Guyana koloniseerde Nederland
88%
Hoofdstad van Guyana Georgetown
85%
Valuta Guyaanse Dollar
83%
Guyana heeft de zesde laagste ter wereld Bevolkings{dichtheid}
78%
Meest populaire sport Cricket
73%
44% van de Guyanezen zijn afstammelingen van contractarbeiders uit dit land India
65%
Meest gesproken taal Guyanees Creools
50%
Belangrijkste exportproduct Goud
33%
Amerikaanse sekteleider wiens volgelingen massale zelfmoord pleegden door in 1978 vergiftigde Flavour-Aid te drinken Jim Jones
32%
Betekenis van het woord "Guyana" Land van vele {wateren}
31%
Term voor een tafelberg, gevonden in Guyana en zijn buurland in het westen Tepui
22%
Volledige naam van Guyana {Coöperatieve} Republiek Guyana
21%
Langste rivier in Guyana waarvan de verste bron pas in 2018 werd ontdekt Essequibo
19%
Guyana en zijn buren bevinden zich op dit deel van de aardkorst Guiana{schild}
19%
Geen overeenkomende quizzen gevonden
Scoreverdeling
Procent van Mensen met Elke Score
Percentiel versus Aantal Correcte Antwoorden
Uw Scoregeschiedenis
U heeft deze quiz nog niet genomen